000
00331nam a2200133Ia 4500
008
191201s2009 xx 000 0 und d
100
_a
NEGUS, Christopher
245
0
_a
Fedora 10 and Red Hat Enterprise Linux Bible
250
_a
Rep
260
_c
2009
_b
Wiley India
_a
N. Delhi
300
_a
1076
650
_a
CSE
942
_2
ddc
_c
BB
999
_c
7392
_d
7392